ESTUDIO SOBRE LA ESTRATEGIA DE INTEGRACION ECONOMICA DE LA REPUBLICA DOMINICANA (Record no. 1679)

MARC details
000 -LEADER
campo de control de longitud fija 01292nam a22001817a 4500
001 - NÚMERO DE CONTROL
campo de control 6986
005 - FECHA Y HORA DE LA ÚLTIMA TRANSACCIÓN
campo de control 20250602012212.0
008 - DATOS DE LONGITUD FIJA--INFORMACIÓN GENERAL
campo de control de longitud fija 5230201994 dr
082 ## - NÚMERO DE LA CLASIFICACIÓN DECIMAL DEWEY
Número de clasificación 338.91
Número de ítem V521e
100 ## - ENTRADA PRINCIPAL--NOMBRE DE PERSONA
Nombre de persona VEGA BERNARDO
245 ## - MENCIÓN DEL TÍTULO
Título ESTUDIO SOBRE LA ESTRATEGIA DE INTEGRACION ECONOMICA DE LA REPUBLICA DOMINICANA
Mención de responsabilidad, etc. Bernardo Vega, Carlos Despradel.
260 ## - PUBLICACIÓN, DISTRIBUCIÓN, ETC.
Lugar de publicación, distribución, etc. Santo Domingo :
Nombre del editor, distribuidor, etc. S N
300 ## - DESCRIPCIÓN FÍSICA
Extensión viii, 322 p. / 27.5 cm
504 ## - NOTA DE BIBLIOGRAFÍA, ETC.
Nota de bibliografía, etc. Nota Bibliografía : P. 297-320
505 ## - NOTA DE CONTENIDO CON FORMATO
Nota de contenido con formato 1. Los beneficios que se derivan de la Integración Económica ... 1 2. El Mecado Común Centroamericano ..... 25 3. La República Dominicana en el esquema de integración Económica Centroamericana .... 95 4. CARICOM ...... 143 5. La República Dominicana y CARICOM .... 185 6. La República Dominicana y Haití ....... 201 7. Un Acuerdo comercial con Haití ...... 213 8. El Acuerdo de Libre Comercio de América del Norte ...... 239 9. Conclusiones y Recomendaciones ..... 269 Entrevistas en Centroamérica, Estados Unidos, México y CARICOM .... 289
650 ## - PUNTO DE ACCESO ADICIONAL DE MATERIA--TÉRMINO DE MATERIA
Término de materia o nombre geográfico como elemento de entrada 1 REPUBLICA DOMINICANA INTEGRACION ECONOMICA 2 INTEGRACION ECONOMICA INTERNACIONAL 3 MERCADO DE EXPORTACION AMERICA CENTRAL INTEGRACION ECONOMICA 4 RELACIONES COMERCIALES REPUBLICA DOMINICANA 5 CARICOM
700 ## - ENTRADA AGREGADA--NOMBRE PERSONAL
Nombre de persona I DESPRADEL CARLOS COAUT
Holdings
Estatus retirado Estado de pérdida Estado de daño No para préstamo Colección Biblioteca de origen Biblioteca actual Fecha de adquisición Total de préstamos Signatura topográfica completa Código de barras Visto por última vez Copia número Precio de reemplazo Tipo de ítem Koha
        Acervo general de Libros Biblioteca Central Mons. Favio M. Rivas S. Biblioteca Central Mons. Favio M. Rivas S. 21/05/2014   338.91 000000002228 23/05/2025 1 23/05/2025 Libros
        Acervo general de Libros Biblioteca Central Mons. Favio M. Rivas S. Biblioteca Central Mons. Favio M. Rivas S. 21/05/2014   338.91 000000002229 23/05/2025 2 23/05/2025 Libros